| 000 | 00566nam a22002057a 4500 | ||
|---|---|---|---|
| 001 | 00028692 | ||
| 005 | 20260401102206.0 | ||
| 008 | 260401b ag ||||| |||| 00| 0 spa d | ||
| 020 | _a849352188 | ||
| 040 |
_aAR-CcCEOS _bspa _cAR-CcCEOS |
||
| 041 | _aspa | ||
| 080 | _a840-3 | ||
| 090 | _bCOR | ||
| 100 | 0 |
_aLe Corbusier, _d1887-1965 _91007 |
|
| 245 |
_aPrincipio de urbanismo (La Carta de Atenas) / _cLe Corbusier |
||
| 264 |
_aBuenos Aires : _bPlaneta, _cc1993. |
||
| 300 |
_a149 p. ; _c24x15 cm. |
||
| 655 | 0 |
_aliteratura francesa _9429 |
|
| 942 |
_2udc _cBK _n0 |
||
| 999 |
_c28725 _d28725 |
||